00619 2200217 4500001002100000005001700021008004100038035002600079245002300105100002300128250000600151260004700157300004700204020002200251082000800273084001000281520002800291650004600319990001800365990001800383INLIS00000000000360820191230023501.0191230| ||| | ind  a 0010-12190000000360800cMohammad Mahfud MD0 aMohammad Mahfud MD a1 aLKiS : YogyakartabLKiS : Yogyakartac2017 a440 hlm.;15,5x23 cm ;c440 hlm.;15,5x23 cm a978-602-6610-22-50 a300 a320,1 aHIBAH PERPUSNAS RI 2018 0aPancasila Dalam Pusaran Globalisasi 320.1 aB201901028864 aB201901028863